| 000 | 00655nam a2200133Ia 4500 | ||
|---|---|---|---|
| 008 | 171212s9999 xx 000 0 und d | ||
| 020 | _a9780874214352 | ||
| 100 | _aSirc, Geoffrey | ||
| 245 |
_cSirc, Geoffrey _aEnglish Composition As A Happening |
||
| 260 |
_bUniversity Press of Colorado _c2002 |
||
| 650 | _aEnglish language -- Rhetoric -- Study and teaching -- Psychological aspects; English language -- Rhetoric -- Study and teaching -- Social aspects; Academic writing -- Study and teaching -- Psychological aspects; Academic writing -- Study and teaching -- S | ||
| 650 | _aLanguage & Literature | ||
| 856 | _uhttp://www.jstor.org/stable/j.ctt46nx7x | ||
| 999 |
_c353058 _d353058 |
||